Подробности
| 000 -МАРКЕР |
| контрольное поле |
01826nam2a22003011 4500 |
| 001 - ИДЕНТИФИКАТОР ЗАПИСИ |
| контрольное поле |
rc\330797 |
| 005 - ИДЕНТИФИКАТОР ВЕРСИИ |
| контрольное поле |
20250612173743.0 |
| 010 ## - МЕЖДУНАРОДНЫЙ СТАНДАРТНЫЙ НОМЕР КНИГИ (ISBN) |
| Номер (ISBN) |
5-280-01041-3 |
| Тираж |
50000 |
| 035 ## - ДРУГИЕ СИСТЕМНЫЕ НОМЕРА |
| Идентификатор записи |
(NLR Aleph) 008757467 |
| 100 ## - ДАННЫЕ ОБЩЕЙ ОБРАБОТКИ |
| Данные общей обработки |
20030307d1990 |||y0rusy50 ca |
| 101 0# - ЯЗЫК РЕСУРСА |
| Язык текста, звукозаписи и т.д. |
русский |
| 102 ## - СТРАНА ПУБЛИКАЦИИ ИЛИ ПРОИЗВОДСТВА |
| Страна публикации |
Российская Федерация |
| 105 ## - ПОЛЕ КОДИРОВАННЫХ ДАННЫХ: ТЕКСТОВЫЕ МАТЕРИАЛЫ, МОНОГРАФИЧЕСКИЕ |
| Кодированные данные о монографическом текстовом документе |
y ||||||||| |
| 200 1# - ЗАГЛАВИЕ И СВЕДЕНИЯ ОБ ОТВЕТСТВЕННОСТИ |
| Основное заглавие |
Записки поэта |
| Сведения, относящиеся к заглавию |
[По страницам кн. "Было"] |
| Основное заглавие |
Зеленая брама |
| Сведения, относящиеся к заглавию |
[Докум. легенда] |
| Основное заглавие |
Международный вагон |
| Сведения, относящиеся к заглавию |
[Повесть без вымысла] |
| 210 ## - ПУБЛИКАЦИЯ, РАСПРОСТРАНЕНИЕ И ДР. |
| Дата издания, распространения и т.д. |
1990 |
| Место издания, распространения и т.д. |
Б. м. |
| 215 ## - ФИЗИЧЕСКАЯ ХАРАКТЕРИСТИКА |
| Специфическое обозначение материала и объем |
767, [1] с. |
| Размеры |
22 |
| 320 ## - ПРИМЕЧАНИЯ О НАЛИЧИИ В ДОКУМЕНТЕ БИБЛИОГРАФИИ / УКАЗАТЕЛЯ |
| Текст примечания |
Алф. указ. произведений: с. 740-766 |
| 327 1# - ПРИМЕЧАНИЯ О СОДЕРЖАНИИ |
| Текст примечания |
Содерж.: Записки поэта: (По страницам кн. "Было"); Зеленая брама: (Докум. легенда об одном из первых сражений Великой Отеч. войны); Международный вагон: (Повесть без вымысла) |
| 461 #0 - УРОВЕНЬ НАБОРА |
| Встроенное поле |
001rc\330794 |
| -- |
2001#$aСобрание сочинений$eВ 3 т.$fЕвгений Долматовский$g[Вступ. ст. Р. Казаковой]$vТ. 3 |
| -- |
700#1$aДолматовский$bЕ.А.$gЕвгений Аронович$f1915- |
| Системный номер (АБИС) связанной записи |
7851382 |
| Автор |
Долматовский, Е.А. (1915-) |
| Место публикации |
М. |
| Дата публикации |
1989- |
| Первые сведения об ответственности |
Евгений Долматовский |
| Имя издателя, распространителя и т.д. |
Худож. лит. |
| Сведения, относящиеся к заглавию |
В 3 т. |
| Заглавие |
Собрание сочинений |
| ISBN |
5280007781 |
| Номер тома |
Т. 3 |
| 464 #0 - АНАЛИТИЧЕСКИЙ УРОВЕНЬ |
| Встроенное поле |
2001#$aЗаписки поэта |
| Заглавие |
Записки поэта |
| 464 #0 - АНАЛИТИЧЕСКИЙ УРОВЕНЬ |
| Встроенное поле |
2001#$aЗеленая брама |
| Заглавие |
Зеленая брама |
| 464 #0 - АНАЛИТИЧЕСКИЙ УРОВЕНЬ |
| Встроенное поле |
2001#$aМеждународный вагон |
| Заглавие |
Международный вагон |
| 801 #0 - ИСТОЧНИК ЗАПИСИ |
| Страна |
Российская Федерация |
| Организация |
NLR |
| Правила каталогизации |
psbo |
| 801 #1 - ИСТОЧНИК ЗАПИСИ |
| Страна |
Российская Федерация |
| Организация |
ELAR |
| Источник данных |
rusmarc |
| 852 ## - МЕСТОНАХОЖДЕНИЕ И ШИФР ХРАНЕНИЯ |
| Идентификатор организации |
NLR |
| Шифр хранения (Call Number) |
89-3/13834 |
| 942 ## - ДОПОЛНИТЕЛЬНЫЕ ЭЛЕМЕНТЫ ЗАПИСИ (АБИС) |
| Тип экземпляра АБИС |
Книга |
| 980 ## - КОЛЛЕКЦИЯ |
| Название коллекции |
Национальная библиография |